MANUAL OF ULTRASOUND IN OBSTETRICS & GYNAECOLOGY / (Record no. 795402)

MARC details
000 -LEADER
fixed length control field 00496pam a2200181 a 4500
020 ## - INTERNATIONAL STANDARD BOOK NUMBER
International Standard Book Number 8180611043
Terms of availability 262.00
041 ## - LANGUAGE CODE
Language code of text/sound track or separate title eng
Language code of original NULL
082 ## - DEWEY DECIMAL CLASSIFICATION NUMBER
Classification number 618.2
Item number BAS
100 ## - MAIN ENTRY--PERSONAL NAME
Personal name BASTIDAR, K .
245 ## - TITLE STATEMENT
Title MANUAL OF ULTRASOUND IN OBSTETRICS & GYNAECOLOGY /
Statement of responsibility, etc. NULL.
Medium Textual Documents
260 ## - PUBLICATION, DISTRIBUTION, ETC.
Place of publication, distribution, etc. NULL :
Name of publisher, distributor, etc. JAYPEE BROTHERS MEDICAL PUB. ,
Date of publication, distribution, etc. 2003.
300 ## - PHYSICAL DESCRIPTION
Extent 169 :
Other physical details xiv ;
Dimensions NULL .
365 ## - TRADE PRICE
Price type code 262.00
Price note 1
650 ## - SUBJECT ADDED ENTRY--TOPICAL TERM
Topical term or geographic name entry element OBST.GYNE
907 ## - LOCAL DATA ELEMENT G, LDG (RLIN)
a 2776
930 ## - EQUIVALENCE OR CROSS-REFERENCE-UNIFORM TITLE HEADING [LOCAL, CANADA]
Uniform title 866
Holdings
Withdrawn status Lost status Damaged status Not for loan Home library Current library Date acquired Cost, normal purchase price Total Checkouts Full call number Barcode Date last seen Copy number Price effective from Koha item type
        Medical College & Hospital, Sangli Medical College & Hospital, Sangli 28/11/2011 262.00   618.2 BAS MCS-2776 26/07/2023 2 26/07/2023 Book
        Medical College & Hospital, Sangli Medical College & Hospital, Sangli 28/11/2011 262.00   618.2 BAS MCS-2775 26/07/2023 1 26/07/2023 Book